000 00372nab a22001097u 4500
008 130520b2010 xxu||||| |||| 00| 0 spa d
041 _aspa
100 1 _aAzetsop, Jacquineau
_983418
245 0 0 _aUna ética centrada en la vida: Salud pública y curación en África
_cJacquineau Azetsop
773 0 _tConcilium
_gnº336,2010,págs. 129-144
_x0210-1041
_wRev134
942 _cAR
999 _c413641
_d413641